Countries of the World - With a rider in 2017 Tour de France - Statistics

General Stats
  • This quiz has been taken 174 times
  • The average score is 27 of 32
Answer Stats
Riders Country % Correct
39 France
100%
16 Belgium
99%
9 Great Britain
99%
18 Italy
99%
16 Germany
97%
13 Spain
97%
3 United States
97%
9 Australia
96%
3 Austria
95%
15 Netherlands
95%
3 Norway
93%
1 Portugal
93%
3 Denmark
92%
2 Slovakia
92%
4 Slovenia
91%
6 Switzerland
91%
4 Poland
90%
7 Colombia
89%
2 Ireland
89%
4 New Zealand
88%
1 Japan
87%
4 South Africa
85%
1 Luxembourg
84%
3 Czech Republic
79%
2 Croatia
76%
1 Argentina
72%
1 Ukraine
70%
1 Lithuania
69%
1 Belarus
66%
4 Kazakhstan
62%
1 Ethiopia
48%
1 Costa Rica
44%
No matching quizzes found
Score Distribution
Percent of People with Each Score
Percentile by Number Answered
Your Score History
You have not taken this quiz